Japan's views on some Japan - European trade problems
שמור ב:
| פורמט: | ספר |
|---|---|
| שפה: | Undetermined |
| יצא לאור: |
U.S.A.
The Ministry International Trade and Industry
1977
|
| נושאים: | |
| תגים: |
הוספת תג
אין תגיות, היה/י הראשונ/ה לתייג את הרשומה!
|
| Thư viện lưu trữ: | Trung tâm Học liệu Trường Đại học Cần Thơ |
|---|
| LEADER | 00458nam a2200157Ia 4500 | ||
|---|---|---|---|
| 001 | CTU_79443 | ||
| 008 | 210402s9999 xx 000 0 und d | ||
| 082 | |a 380.1 | ||
| 082 | |b J.35 | ||
| 245 | 0 | |a Japan's views on some Japan - European trade problems | |
| 260 | |a U.S.A. | ||
| 260 | |b The Ministry International Trade and Industry | ||
| 260 | |c 1977 | ||
| 650 | |a Commerce (Trade) | ||
| 650 | |z Japan | ||
| 980 | |a Trung tâm Học liệu Trường Đại học Cần Thơ | ||